[Event "Thessaloniki-Chalkidiki-chT B local"]
[Site "Thessaloniki"]
[Date "2019.02.10"]
[Round "4.1"]
[White "Barbis, Athanasios"]
[Black "Steiakakis, Konstantinos"]
[Result "1-0"]
[WhiteElo "1961"]
[BlackElo "1392"]
[PlyCount "65"]
[EventDate "2019.01.13"]
[EventType "team-swiss"]
[EventRounds "9"]
[EventCountry "GRE"]
[SourceTitle "EXT 2020"]
[Source "ChessBase"]
[SourceDate "2019.10.17"]
[SourceVersion "1"]
[SourceVersionDate "2019.10.17"]
[SourceQuality "1"]

1. d4 d5 2. Bf4 Nf6 3. e3 c6 4. Nd2 Bf5 5. Bd3 Bg6 6. Ngf3 e6 7. Qe2 Bb4 8. c3 Bxd3 9. Qxd3 Be7 10. h3 Nbd7 11. 0-0 0-0 12. Ne5 c5 13. a4 Re8 14. Bh2 h6 15. f4 c4 16. Qc2 Nh7 17. Nxf7 Kxf7 18. Qxh7 Nf6 19. Qc2 Kg8 20. Rae1 Ne4 21. Nxe4 dxe4 22. Qxe4 Qd5 23. Qg6 Qf5 24. Qg4 Qc2 25. f5 exf5 26. Rxf5 Bg5 27. Be5 Qd2 28. Ref1 Qxe3+ 29. Kh2 Kh7 30. h4 Bf6 31. Rxf6 Rxe5 32. Qg6+ Kh8 33. Rf8+ 1-0

[Event "Thessaloniki Triandria op 2nd"]
[Site "Thessaloniki"]
[Date "2009.04.25"]
[Round "6"]
[White "Barbis, Athanasios"]
[Black "Giakoustidis, Spiros Avgerinos"]
[Result "1/2-1/2"]
[WhiteElo "2056"]
[BlackElo "1941"]
[PlyCount "35"]
[EventDate "2009.04.21"]
[EventType "swiss"]
[EventRounds "7"]
[EventCountry "GRE"]
[SourceTitle "EXT 2024"]
[Source "ChessBase"]
[SourceDate "2023.10.10"]
[SourceVersion "1"]
[SourceVersionDate "2023.10.10"]
[SourceQuality "1"]

1. e4 c6 2. Nf3 d5 3. Nc3 dxe4 4. Nxe4 Nd7 5. Bc4 e6 6. Qe2 h6 7. d3 Ngf6 8. Bd2 Qc7 9. 0-0-0 b5 10. Bb3 Nxe4 11. dxe4 Nc5 12. Kb1 a5 13. a3 Nxb3 14. cxb3 Ba6 15. Qe1 b4 16. a4 Bc5 17. Be3 Bxe3 18. Qxe3 1/2-1/2

[Event "Thessaloniki Triandria op 2nd"]
[Site "Thessaloniki"]
[Date "2009.04.22"]
[Round "2"]
[White "Barbis, Athanasios"]
[Black "Palaskos, Ahileas"]
[Result "1/2-1/2"]
[WhiteElo "2056"]
[BlackElo "1765"]
[PlyCount "50"]
[EventDate "2009.04.21"]
[EventType "swiss"]
[EventRounds "7"]
[EventCountry "GRE"]
[SourceTitle "EXT 2024"]
[Source "ChessBase"]
[SourceDate "2023.10.10"]
[SourceVersion "1"]
[SourceVersionDate "2023.10.10"]
[SourceQuality "1"]

1. e4 e5 2. f4 d5 3. exd5 exf4 4. Nf3 Nf6 5. c4 Bd6 6. d4 0-0 7. Be2 Re8 8. 0-0 b6 9. Ne5 Bxe5 10. dxe5 Rxe5 11. Bxf4 Re8 12. Nc3 a6 13. Bf3 Bb7 14. Qd4 Nc6 15. Qf2 Ne5 16. Bg5 Qd6 17. Be2 Nfd7 18. Bh5 g6 19. Be2 Bc8 20. Ne4 Qf8 21. Nf6+ Nxf6 22. Bxf6 Bf5 23. Rae1 Nd3 24. Bxd3 Bxd3 25. Bd4 f5 1/2-1/2